[Event "FRA-ch op-D"]
[Site "Nancy"]
[Date "2013.08.23"]
[Round "11"]
[White "Garassus, Alain"]
[Black "Dupont, Jonathan"]
[Result "0-1"]
[WhiteElo "1410"]
[BlackElo "1499"]
[PlyCount "130"]
[EventDate "2013.08.11"]
[EventType "swiss"]
[EventRounds "11"]
[EventCountry "FRA"]
[SourceTitle "CBM 156 Extra"]
[Source "ChessBase"]
[SourceDate "2013.10.22"]
[SourceVersion "1"]
[SourceVersionDate "2013.10.22"]
[SourceQuality "1"]

1. d4 Nf6 2. c4 g6 3. Nc3 Bg7 4. Nf3 d6 5. e4 0-0 6. Be2 Bg4 7. 0-0 Nbd7 8. Bd2 e6 9. h3 Bxf3 10. Bxf3 e5 11. d5 Ne8 12. b4 f5 13. c5 dxc5 14. b5 Nd6 15. Qc2 Rf7 16. Be2 Qe7 17. f3 Nb6 18. Nd1 Raf8 19. Nf2 Qh4 20. Qxc5 fxe4 21. Nxe4 Nxe4 22. fxe4 Qxe4 23. Rxf7 Rxf7 24. Bf3 Qd4+ 25. Qxd4 exd4 26. Re1 Rd7 27. Bb4 Nxd5 28. Bg4 Rd8 29. Be6+ Kh8 30. Bxd5 h6 31. Bxb7 d3 32. Be4 d2 33. Rd1 Rd4 34. Bxg6 Rxb4 35. Rxd2 Bf6 36. Rd7 Be5 37. Bf5 Rxb5 38. Rd8+ Kg7 39. Rd7+ Kf8 40. Rh7 Bd4+ 41. Kh1 Rxf5 42. g4 Rf2 43. Rd7 Bg7 44. Rxc7 Rxa2 45. Rb7 Ra3 46. Kg2 a5 47. h4 Bf6 48. h5 a4 49. Kf1 Ra2 50. Rb8+ Ke7 51. Rb7+ Kd8 52. Rh7 a3 53. Rxh6 Ra1+ 54. Ke2 a2 55. Rxf6 Rg1 56. Ra6 a1Q 57. Rxa1 Rxa1 58. Kf3 Ra5 59. Kf4 Ke7 60. g5 Ke6 61. h6 Kf7 62. h7 Kg7 63. g6 Ra6 64. Kf5 Rb6 65. Kg5 Rxg6+ 0-1